Artificial intelligence in practice : (Record no. 362984)
[ view plain ]
| 000 -LEADER | |
|---|---|
| fixed length control field | 00615nam a2200145Ia 4500 |
| 008 - FIXED-LENGTH DATA ELEMENTS--GENERAL INFORMATION | |
| fixed length control field | 200226s9999 xx 000 0 und d |
| 020 ## - INTERNATIONAL STANDARD BOOK NUMBER | |
| International Standard Book Number | 978-1-119-54821-8 |
| 100 ## - MAIN ENTRY--PERSONAL NAME | |
| Personal name | Marr, Bernard |
| 245 ## - TITLE STATEMENT | |
| Statement of responsibility, etc | Bernard Marr, Matt Ward.-- |
| Title | Artificial intelligence in practice : |
| Remainder of title | how 50 successful companies used artificial intelligence to solve problems / |
| 260 ## - PUBLICATION, DISTRIBUTION, ETC. (IMPRINT) | |
| Place of publication, distribution, etc | United Kingdom: |
| Name of publisher, distributor, etc | John Wiley & Sons, Inc., |
| Date of publication, distribution, etc | 2019 |
| 300 ## - PHYSICAL DESCRIPTION | |
| Extent | viii , 340 pages : |
| Other physical details | illustration ; |
| Dimensions | 22 cm. |
| 500 ## - GENERAL NOTE | |
| General note | includes bibligraphical reference and indexes. |
| 650 ## - SUBJECT ADDED ENTRY--TOPICAL TERM | |
| Topical term or geographic name as entry element | Artificial intelligence. |
| 650 ## - SUBJECT ADDED ENTRY--TOPICAL TERM | |
| Topical term or geographic name as entry element | Information technology -- management. |
| Withdrawn status | Lost status | Damaged status | Home library | Current library | Shelving location | Date acquired | Source of acquisition | Total Checkouts | Full call number | Barcode | Date last seen | Price effective from | Koha item type |
|---|---|---|---|---|---|---|---|---|---|---|---|---|---|
| College Library | College Library | Reserve Section | 02/26/2020 | Library Fund | HD 30.28 .M358 2019 | C22083 | 06/19/2020 | 02/26/2020 | Books |